|
|
|
|
| LEADER |
00000nam0a2200000 4500 |
| 001 |
343643 |
| 005 |
20231102005600.0 |
| 010 |
|
|
|a 9785392271627
|
| 035 |
|
|
|a (RuTPU)RU\TPU\book\374066
|
| 090 |
|
|
|a 343643
|
| 100 |
|
|
|a 20191011d2018 k y0rusy50 ca
|
| 101 |
0 |
|
|a rus
|
| 102 |
|
|
|a RU
|
| 105 |
|
|
|a a z 001zy
|
| 200 |
1 |
|
|a Глобальная конкурентоспособность ведущих университетов. Модели и методы ее оценки и прогнозирования
|e монография
|f под ред. В. Г. Халина
|
| 210 |
|
|
|a Москва
|c Проспект
|d 2018
|
| 215 |
|
|
|a 544 с.
|c ил.
|
| 320 |
|
|
|a Библиогр.: с. 458-480
|
| 330 |
|
|
|a Коллективная монография отражает наиболее важные результаты фундаментального научного исследования, выполненного на экономическом факультете Санкт-Петербургского государственного университета в 2016-2017 гг. при поддержке гранта РФФИ № 6-06-00221 "Математические методы исследования конкурентоспособности российских вузов на основе интеллектуального анализа данных". Исследование посвяшено фундаментальным проблемам развития высшего образования, включая вопросы формирования конкурентоспособных университетов в России, методы и модели оценки конкурентоспособности университетов на основе интеллектуального анализа данных. Для широкого круга исследователей, научных работников, специалистов в области государственного управления развитием высшего образования, менеджмента вузов, преподавателей, аспирантов и студентов вузов, а также экспертов и практиков, участвующих в выработке важнейших стратегических направлений развития высшей школы в России. Книга подготовлена коллективом авторов под научным руководством доктора экономических наук, профессора Санкт-Петербургского государственного университета в. г. Халина.
|
| 606 |
1 |
|
|a Высшие учебные заведения
|x Конкурентоспособность
|2 stltpush
|3 (RuTPU)RU\TPU\subj\71130
|9 85167
|
| 610 |
1 |
|
|a высшее образование
|
| 610 |
1 |
|
|a университеты
|
| 610 |
1 |
|
|a высшая школа
|
| 610 |
1 |
|
|a наука
|
| 610 |
1 |
|
|a реформирование
|
| 610 |
1 |
|
|a государственная политика
|
| 610 |
1 |
|
|a лидерство
|
| 610 |
1 |
|
|a управление
|
| 610 |
1 |
|
|a интеллектуальные методы
|
| 610 |
1 |
|
|a интеллектуальные модели
|
| 610 |
1 |
|
|a ранжирование
|
| 610 |
1 |
|
|a оценка
|
| 610 |
1 |
|
|a нейросетевые модели
|
| 610 |
1 |
|
|a самоорганизующиеся карты
|
| 610 |
1 |
|
|a кластеризация
|
| 610 |
1 |
|
|a прогнозирование
|
| 610 |
1 |
|
|a верификация
|
| 610 |
1 |
|
|a повышение
|
| 610 |
1 |
|
|a информационно-коммуникационные технологии
|
| 610 |
1 |
|
|a подготовка
|
| 610 |
1 |
|
|a квалифицированные кадры
|
| 610 |
1 |
|
|a глобальная конкуренция
|
| 610 |
1 |
|
|a аналитический подход
|
| 610 |
1 |
|
|a научные публикации
|
| 610 |
1 |
|
|a рейтинговые показатели
|
| 610 |
1 |
|
|a рейтинговые оценки
|
| 610 |
1 |
|
|a страхование
|
| 610 |
1 |
|
|a риски
|
| 610 |
1 |
|
|a Санкт-Петербургский университет
|
| 610 |
1 |
|
|a финансовые затраты
|
| 610 |
1 |
|
|a образовательные программы
|
| 610 |
1 |
|
|a монографии
|
| 686 |
|
|
|a Ч484(2)
|v LBC/SL-A
|2 rubbk
|
| 702 |
|
1 |
|a Халин
|b В. Г.
|g Владимир Георгиевич
|4 340
|
| 801 |
|
1 |
|a RU
|b 63413507
|c 20191011
|
| 801 |
|
2 |
|a RU
|b 63413507
|c 20191114
|g RCR
|
| 942 |
|
|
|c BK
|
| 959 |
|
|
|a 15/20191011
|d 1
|e 800,00
|f ЧЗТЛ:1
|